000 00612nam a2200253Ia 4500
005 20260121155105.0
008 008 260114s9999 xx 000 0 eng d
020 _a9780429316197
037 _aEBOOK
040 _aCRL
040 _beng
040 _cCRL
041 _2eng
041 _aeng
084 _qCRL
100 _a Nina Maadad
_91015244
245 0 _aSyrian Refugee Children in Australia and Sweden
260 _bTaylor and Francis
260 _c2020
856 _uhttp://www.taylorfrancis.com/books/9780429316197
942 _cEBOOK
999 _c1582063
_d1582063